000 00224nam a22000857a 4500
008 161119b xxu||||| |||| 00| 0 eng d
100 _91287
_aGupta.R.S.etal.
245 _aComposite Mathematics-VII
260 _aNew Delhi
_bABC
_c2011
999 _c3991
_d3991